Flagi i herby państw Europy w 1770 roku - Statystyki

Ogólne statystyki
  • Ten quiz został rozwiązany 35 razy
  • Średni wynik to 25 z 68
Statystyki odpowiedzi
Obrazkowy Odpowiedź % Poprawnych
Rzeczpospolita Obojga Narodów
100%
Imperium Rosyjskie
96%
Królestwo Danii i Norwegii
96%
Królestwo Prus
96%
Królestwo Wielkiej Brytanii
96%
Królestwo Francji
93%
Królestwo Szwecji
93%
Imperium Osmańskie
89%
Królestwo Hiszpanii/Imperium Hiszpańskie
89%
Królestwo Portugalii
89%
Republika Zjednoczonych Prowincji
85%
Monarchia Habsburgów
81%
Państwo Kościelne
81%
Stara Konfederacja Szwajcarska
81%
Hospodarstwo Mołdawskie
74%
Republika Wenecka
74%
Elektorat Saksonii
70%
Księstwo Andory
70%
Elektorat Bawarii
67%
Wolne Miasto Hamburg
59%
Królestwo Sardynii
56%
Królestwo Sycylii
56%
Księstwo Monako
52%
San Marino
52%
Królestwo Neapolu
48%
Elektorat Hanoweru
41%
Biskupstwo Salzburga
37%
Elektorat Kolonii
37%
Królestwo Irlandii
37%
Księstwo Wołoskie
37%
Brema
33%
Niderlandy Austriackie
33%
Ulm
33%
Księstwo Wirtembergii
26%
Meklemburgia-Schwerin
26%
Meklemburgia-Strelitz
26%
Wolne Miasto Frankfurt
26%
Hesja-Darmstadt
22%
Hesja-Kassel
22%
Księstwo Holsztynu
22%
Margrabstwo Badenii
22%
Republika Genui
19%
Elektorat Palatynatu
15%
Księstwo Szlezwiku
15%
Wolne Miasto Lubeka
15%
Biskupstwo Czarnogóry
11%
Biskupstwo Liège
7%
Biskupstwo Würzburgu
7%
Elektorat Trewiru
7%
Biskupstwo Bambergu
4%
Biskupstwo Ratyzbony
4%
Biskupstwo Wormacji
4%
Hrabstwo Lippe
4%
Anhalt-Bernburg
0%
Anhalt-Dessau
0%
Anhalt-Köthen
0%
Biskupstwo Augsburskie
0%
Biskupstwo Eichstätt
0%
Biskupstwo Freising
0%
Biskupstwo Konstancji
0%
Biskupstwo Müster
0%
Biskupstwo Pasawy
0%
Hrabstwo Oldenburga
0%
Księstwo Bergu
0%
Księstwo Bouillon
0%
Księstwo Brunszwiku-Wolfenbüttel
0%
Księstwo Schaumburg-Lippe
0%
Norymberga
0%
Nie znaleziono quizów pasujących do podanych kryteriów
Rozkład punktacji
Procent ludzi z każdym wynikiem
Percentyl według liczby udzielonych odpowiedzi
Twoja historia wyników
Nie rozwiązałeś tego quizu